000 00601nam a2200181Ia 4500
008 100921s9999 xx 000 0 und d
082 _b29290
_a891.463 थ 97
100 _aइनामदार सुनील.
245 _aसुनंदा.
260 _bसानिया प्रकाशन, पुणे.
_c1997
300 _a99
_bरसिक साहित्य,पुणे
365 _b80
520 _aललित-कादंबरी.
630 _aसुनंदा.
650 _aललित-कादंबरी.
730 _aसुनंदा.
942 _cBOOK
999 _c778403
_d778400